| 000 | 00483nam a2200133 i 4500 | ||
|---|---|---|---|
| 001 | bg | ||
| 245 | 0 |
_aSystems analysis and modelling approaches : _bproceedings of IFAC/UNESCO workshop held at Zakopane, Poland September 17-22, 1973 / _ced. by R. M. Dmowski. |
|
| 260 |
_aWarsaw : _bInstitute of Applied Cybernetics Polish Academy of Sciences, _c1974. |
||
| 040 | _cBPK | ||
| 041 | _apol | ||
| 080 | _a502.7:577.4]:007(061) | ||
| 942 | _cKS | ||
| 008 | s pl f |000 0 pol | ||
| 999 |
_c20673 _d20673 |
||
| 856 |
_uhttp://koha.tu.koszalin.pl/cgi-bin/koha/opac-detail.pl?biblionumber=20673 _yKatalog online BPK |
||